000 01031nas a2200301 4500
001 BR8708199
003 BR-BrBNA
005 20231205091004.0
007 ta
008 230509b bl.|||p| |||| 00| 00por d
040 _aBR-BrBNA
_bpor
_cBiblioteca Nacional de Agricultura
041 _a(Pt)
072 _aQ02
100 1 _aSales, R. de O.
100 1 _aMonteiro, J.C.S.
100 1 _aMaia, G.A.
100 1 _aVasconcelos, M.E.L.
100 1 _aFeitosa, T.
245 1 _aEstudo da melhoria do processo de salga e secagem do tucunare, Cichla ocellaris' Bloch e Schneider, no acude Oros, Ceara, Brasil
246 1 _aImprove to the salting and drying process of the tucunare, Cichla ocellaris Bloch e Schneider, in the Oros dam, Ceara, Brasil
650 _aTUCUNARE
650 _aSALGA
650 _aPRESERVACAO DE ALIMENTO
650 _aCEARA
773 0 _tCiencia Agronomica (Brazil)
_xISSN 0045-6888
_g(Jun 1986), v. 17(1) p. 81-88
_wBR8708199
909 _a202311
_bLúcia
_c55
_dLúcia Elande
942 _2AGRIS
_n0
_cANA
999 _c122056
_d122056